| 000 | 01064nam a2200217Ia 4500 | ||
|---|---|---|---|
| 999 |
_c16716 _d16716 |
||
| 003 | OSt | ||
| 005 | 20210904150134.0 | ||
| 008 | 160316s1999 xxu||||| |||| 00| 0 eng d | ||
| 020 | _a9780415150682 | ||
| 040 | _cn | ||
| 082 |
_a344.046000 _bCON |
||
| 100 | _aConnelly James | ||
| 245 | _aPolitics and the environment : From theory to practice | ||
| 260 |
_aLondon _bRoutledge _c1999 |
||
| 300 |
_a340p _cx |
||
| 365 | _bRs.1,182.50 | ||
| 505 | _aTable of contents Part One: Environmental Thought and Political Action; 1.E nvironmental Philosophy; 2. Green Ideology; 3. The Environmental Movement; Part Two: Analysing Environmental Policy; 4. Collective Action, Power and Decision Making; 5.Valuing the Environment 6. Choosing the Means; Part Three: Environmental Policy: Global to Local; 7. International Dimensions; 8. European Integration; 9. National Responses; 10. Local Democracy and Local Authorities; 11. Conclusion | ||
| 650 | _a1. Environmental Policy - U K2. Environmental Ethics - U K | ||
| 700 |
_aSmith Graham _a |
||
| 942 |
_2ddc _cBK |
||